Signals and Systems with MATLAB Computing and Simulink Modeling (E-Book) (Record no. 213204)
[ view plain ]
| 000 -LEADER | |
|---|---|
| fixed length control field | 00981 a2200193 4500 |
| 003 - CONTROL NUMBER IDENTIFIER | |
| control field | Nust |
| 005 - DATE AND TIME OF LATEST TRANSACTION | |
| control field | 20170207165829.0 |
| 022 ## - INTERNATIONAL STANDARD SERIAL NUMBER | |
| International Standard Serial Number | 1−934404−12−8 |
| 040 ## - CATALOGING SOURCE | |
| Transcribing agency | Nust |
| 082 ## - DEWEY DECIMAL CLASSIFICATION NUMBER | |
| Classification number | 621.3822 |
| 100 ## - MAIN ENTRY--PERSONAL NAME | |
| Personal name | Steven T. Karris |
| 245 ## - TITLE STATEMENT | |
| Title | Signals and Systems with MATLAB Computing and Simulink Modeling (E-Book) |
| Remainder of title | Steven T. Karris |
| 250 ## - EDITION STATEMENT | |
| Edition statement | 4th.ed |
| 260 ## - PUBLICATION, DISTRIBUTION, ETC. | |
| Place of publication, distribution, etc. | USA |
| Name of publisher, distributor, etc. | Orchard Publications www.orchardpublications.com |
| Date of publication, distribution, etc. | 2008 |
| 300 ## - PHYSICAL DESCRIPTION | |
| Extent | viii,987.p |
| 505 ## - FORMATTED CONTENTS NOTE | |
| Formatted contents note | Elementary Signals (Page1-1) The Laplace Transformation (Page2-1) The Inverse Laplace Transform (Page3-1)Circuits Analysis with Laplace (Page4-1) State Variables and State Equations (Page 5-1 The Impulse Reponses and Convolution (Page6-1) Fourier Series (Page7-1) The Fourier Transform (Page8-1)Discrete Time Systems and the Z Transform (Page-9-1) The DFT and the FFT Algorithm (Page-10-1) Analog and Digital Filters (Page11-1) |
| 650 ## - SUBJECT ADDED ENTRY--TOPICAL TERM | |
| Topical term or geographic name entry element | Telecommunications engineering - (E-BOOK) |
| 651 ## - SUBJECT ADDED ENTRY--GEOGRAPHIC NAME | |
| Geographic name | E-Book |
| 942 ## - ADDED ENTRY ELEMENTS (KOHA) | |
| Source of classification or shelving scheme | |
| Koha item type | Book |
| Withdrawn status | Lost status | Source of classification or shelving scheme | Damaged status | Not for loan | Collection code | Permanent Location | Current Location | Date acquired | Total Checkouts | Full call number | Barcode | Date last seen | Price effective from | Koha item type |
|---|---|---|---|---|---|---|---|---|---|---|---|---|---|---|
| Military College of Signals (MCS) | Military College of Signals (MCS) | 12/12/2016 | 521.3822 KAR | MCSEB-3228 | 12/08/2016 | 12/12/2016 | Book |
